Vector analysis with applications (Record no. 5838)

000 -LEADER
fixed length control field 00528nam a22002051 4500
001 - CONTROL NUMBER
control field 5838
003 - CONTROL NUMBER IDENTIFIER
control field BD-DhUET
008 - FIXED-LENGTH DATA ELEMENTS--GENERAL INFORMATION
fixed length control field 861017s1932 enka 000 0 eng c
020 ## - INTERNATIONAL STANDARD BOOK NUMBER
International Standard Book Number 8122405487
040 ## - CATALOGING SOURCE
Original cataloging agency DLC/ICU
Transcribing agency CGU
Modifying agency BD-DhUET
082 0# - DEWEY DECIMAL CLASSIFICATION NUMBER
Classification number 516.83
Item number ALI/1993
100 ## - MAIN ENTRY--PERSONAL NAME
Personal name Ali Ashraf, Md.
245 10 - TITLE STATEMENT
Title Vector analysis with applications
250 ## - EDITION STATEMENT
Edition statement 3rd ed.
260 ## - PUBLICATION, DISTRIBUTION, ETC. (IMPRINT)
Place of publication, distribution, etc. New Delhi
Name of publisher, distributor, etc. Wiley Eastern
Date of publication, distribution, etc. 1993
300 ## - PHYSICAL DESCRIPTION
Extent xv,308p.
Other physical details ill.
Dimensions 23 cm.
504 ## - BIBLIOGRAPHY, ETC. NOTE
Bibliography, etc Includes bibliographies
650 #0 - SUBJECT ADDED ENTRY--TOPICAL TERM
Topical term or geographic name as entry element Vector analysis
942 ## - ADDED ENTRY ELEMENTS (KOHA)
Koha item type General Book
Holdings
Copy number Not for loan Damaged status Lost status Piece designation (barcode) Sublocation or collection (holding branch) Price effective from Koha full call number Koha date last seen Shelving location Date acquired Koha item type Koha out on loan Koha date last borrowed Source of classification or shelving scheme Koha renewals Withdrawn status Koha normalized classification for sorting Location (home branch) Koha issues (times borrowed)
8   87531Central Library, BUET2014-11-29516.83/ALI/19932022-12-13Circulation section2014-11-29General Book2022-12-272022-12-13   516_830000000000000_ALI_1993Central Library, BUET3
2   87528Central Library, BUET2014-12-21516.83/ALI/19982025-05-13Circulation section2014-12-21General Book 2025-04-29 1 516_830000000000000_ALI_1998Central Library, BUET13
3   87530Central Library, BUET2015-01-27516.83/ALI/19982016-04-02Circulation section2015-01-27General Book     516_830000000000000_ALI_1998Central Library, BUET 
4   48783Central Library, BUET2015-01-31516.83/ALI/19982025-11-30Circulation section2015-01-31General Book 2022-12-13   516_830000000000000_ALI_1998Central Library, BUET6
1   94102Central Library, BUET2015-02-11516.83/ALI/19982020-11-03Circulation section2015-02-11General Book 2020-01-05   516_830000000000000_ALI_1998Central Library, BUET5
7   87525Central Library, BUET2015-04-11516.83/ALI/19932025-11-18Circulation section2015-04-11General Book 2024-04-02   516_830000000000000_ALI_1993Central Library, BUET8
6   87526Central Library, BUET2015-04-23516.83/ALI/19932025-11-29Circulation section2015-04-23General Book 2023-09-27   516_830000000000000_ALI_1993Central Library, BUET6
7   87529Central Library, BUET2015-05-03516.83/ALI/19932022-05-25Circulation section2015-05-03General Book 2022-03-30   516_830000000000000_ALI_1993Central Library, BUET2
9   87550Central Library, BUET2015-06-07516.83/ALI/19932015-06-07Reading section2015-06-07Reading Item     516_830000000000000_ALI_1993Central Library, BUET 
10   92374Central Library, BUET2015-06-07516.83/ALI/19932015-06-07Reading section2015-06-07Reading Item     516_830000000000000_ALI_1993Central Library, BUET 
12   94100Central Library, BUET2015-06-08516.83/ALI/19932015-06-08Reading section2015-06-08Reading Item     516_830000000000000_ALI_1993Central Library, BUET 
13   87551Central Library, BUET2015-06-14516.83/ALI/19932015-06-14Reading section2015-06-14Reading Item     516_830000000000000_ALI_1993Central Library, BUET 
14   87527Central Library, BUET2015-09-02516.83/ALI/19932017-03-04Circulation section2015-09-02General Book     516_830000000000000_ALI_1993Central Library, BUET